সায়েন্স ফিকশন: (Record no. 11852)
[ view plain ]
| 000 -LEADER | |
|---|---|
| fixed length control field | 00796nam a2200229 a 4500 |
| 001 - CONTROL NUMBER | |
| JCCL Control Number | 11852 |
| 003 - CONTROL NUMBER IDENTIFIER | |
| JCCL marc code | BD-JhCC |
| 005 - DATE AND TIME OF LATEST TRANSACTION | |
| control field | 20201121113039.0 |
| 008 - FIXED-LENGTH DATA ELEMENTS--GENERAL INFORMATION | |
| fixed length control field | 201121b2017 bg |||| ||a| 00| 0 ben d |
| 020 ## - INTERNATIONAL STANDARD BOOK NUMBER | |
| International Standard Book Number | 9789844290150 |
| 035 ## - SYSTEM CONTROL NUMBER | |
| system control number | (BD-JhCC) 11852 |
| 040 ## - CATALOGING SOURCE | |
| Original cataloging agency | BD-JhCC |
| Modifying agency | BD-JhCC |
| 041 ## - LANGUAGE CODE | |
| Language code of Book | Ben |
| 082 ## - DEWEY DECIMAL CLASSIFICATION NUMBER | |
| Classification number | 891.44 |
| Author mark and Year | MUS 2017 |
| 100 ## - MAIN ENTRY--PERSONAL NAME | |
| Personal name | মুস্তাফা, নাসরীন |
| 245 ## - TITLE STATEMENT | |
| Title | সায়েন্স ফিকশন: |
| Remainder of title | এক্স- পেরিমেন্ট / |
| Statement of responsibility, etc | নাসরীন মুস্তাফা |
| 260 ## - PUBLICATION, DISTRIBUTION, ETC. (IMPRINT) | |
| Place of publication, distribution, etc | ঢাকাঃ |
| Name of publisher, distributor, etc | বাংলা প্রকাশন; |
| Date of publication, distribution, etc | ২০১৭. |
| 300 ## - PHYSICAL DESCRIPTION | |
| Pagination | ৯৬ পৃ. : |
| Dimensions | ২৩ সেমি |
| 650 ## - SUBJECT ADDED ENTRY--TOPICAL TERM | |
| Topical term or geographic name as entry element | Science Fiction |
| Form subdivision | Bengali |
| 942 ## - ADDED ENTRY ELEMENTS (KOHA) | |
| Source of classification or shelving scheme | Dewey Decimal Classification |
| Koha item type | Books |
| Source of classification or shelving scheme | Damaged status | Not for loan | Home library | Current library | Shelving location | Date of accession | Source of acquisition | Cost, normal purchase price | Total Checkouts | Full call number | Barcode | Date last seen | Date checked out | Copy number | Koha item type |
|---|---|---|---|---|---|---|---|---|---|---|---|---|---|---|---|
| Dewey Decimal Classification | JCC Rouf Library | JCC Rouf Library | General Stacks | 11/21/2020 | Lt. Gen. Mahfuzur Rahman (10th intake) | 150.00 | 3 | 891.44 MUS 2017 | 16326 | 07/15/2025 | 07/14/2025 | C-1 | Books |